[Event "Bielefeld Gr1"]
[Site "Bielefeld"]
[Date "2007.05.27"]
[Round "4"]
[White "Fehr, Axel"]
[Black "Tscheuschner, Tobias"]
[Result "1-0"]
[WhiteElo "2152"]
[BlackElo "1997"]
[PlyCount "80"]
[EventDate "2007.05.25"]
[EventType "tourn"]
[EventRounds "7"]
[EventCountry "GER"]
[SourceTitle "EXT 2008"]
[Source "ChessBase"]
[SourceDate "2007.11.25"]
[SourceVersion "1"]
[SourceVersionDate "2007.11.25"]
[SourceQuality "1"]

1. c4 g6 2. Nc3 Bg7 3. g3 d6 4. Bg2 Nf6 5. e4 c5 6. Nge2 Nc6 7. 0-0 0-0 8. d3 a6 9. h3 Rb8 10. a4 Nd4 11. Nxd4 cxd4 12. Ne2 Nd7 13. Bg5 h6 14. Bd2 e5 15. b4 b5 16. cxb5 axb5 17. a5 Bb7 18. Qb3 Kh7 19. f4 f5 20. exf5 gxf5 21. Bxb7 Rxb7 22. Qd5 Qb8 23. Rac1 Qa7 24. Kg2 Nf6 25. Qe6 Nh5 26. Qd5 Qb8 27. Rc6 Re7 28. Rb6 Qe8 29. Rxd6 e4 30. Nxd4 exd3 31. Ne6 Rf6 32. Re1 Nxg3 33. Kxg3 Qh5 34. Ng5+ hxg5 35. Rxe7 Qh4+ 36. Kg2 g4 37. Re3 Rf8 38. Qxd3 Rf7 39. hxg4 Kg8 40. Rd8+ Bf8 1-0

[Event "Bielefeld Gr1"]
[Site "Bielefeld"]
[Date "2007.05.25"]
[Round "1"]
[White "Langer, Christian"]
[Black "Tscheuschner, Tobias"]
[Result "1-0"]
[WhiteElo "2147"]
[BlackElo "1997"]
[PlyCount "107"]
[EventDate "2007.05.25"]
[EventType "tourn"]
[EventRounds "7"]
[EventCountry "GER"]
[SourceTitle "EXT 2008"]
[Source "ChessBase"]
[SourceDate "2007.11.25"]
[SourceVersion "1"]
[SourceVersionDate "2007.11.25"]
[SourceQuality "1"]

1. e4 c5 2. Nf3 e6 3. b3 d6 4. Bb2 Nf6 5. Nc3 a6 6. d4 cxd4 7. Nxd4 Qc7 8. Bd3 Nbd7 9. 0-0 b6 10. Qe2 Bb7 11. Rad1 Be7 12. Bc4 Nc5 13. f3 b5 14. Bd3 0-0 15. b4 Ncd7 16. Nb3 d5 17. a3 Bd6 18. g3 Be5 19. Na5 Bd4+ 20. Kg2 Bxc3 21. Bxc3 Qxc3 22. Nxb7 Rfb8 23. Na5 Qxa3 24. e5 Ne8 25. Qe3 Qb2 26. Nc6 g6 27. Nxb8 Rxb8 28. Qa7 Rd8 29. Rb1 Qxe5 30. Qxa6 Nc7 31. Qc6 Nb8 32. Qc5 Nba6 33. f4 Nxc5 34. fxe5 Nd7 35. Rfe1 Ra8 36. Ra1 Rxa1 37. Rxa1 Nxe5 38. Ra7 Nxd3 39. cxd3 Ne8 40. Rb7 Kf8 41. Rxb5 Nd6 42. Rc5 h5 43. b5 Ke8 44. b6 Kd7 45. Kf3 g5 46. Ke3 f6 47. Kd4 Nf5+ 48. Kc3 Nd6 49. Kb4 e5 50. Rc7+ Ke6 51. Kc5 e4 52. Rc6 e3 53. Rxd6+ Kf7 54. Kxd5 1-0

[Event "Werther Schloss op-A 13rd"]
[Site "Werther"]
[Date "2007.04.01"]
[Round "7"]
[White "Schormann, Conrad"]
[Black "Tscheuschner, Tobias"]
[Result "1-0"]
[WhiteElo "2118"]
[BlackElo "2016"]
[PlyCount "103"]
[EventDate "2007.03.29"]
[EventType "swiss"]
[EventRounds "7"]
[EventCountry "GER"]
[SourceTitle "CBM 117 Extra"]
[Source "ChessBase"]
[SourceDate "2007.05.09"]
[SourceVersion "1"]
[SourceVersionDate "2007.05.09"]
[SourceQuality "1"]

1. d4 c5 2. d5 Nf6 3. Nc3 d6 4. e4 g6 5. Nf3 Bg7 6. h3 0-0 7. Be2 b5 8. Nxb5 Nxe4 9. 0-0 a6 10. Na3 Nd7 11. Nc4 Rb8 12. c3 Bb7 13. Qd3 Nef6 14. Ne3 c4 15. Nxc4 Nc5 16. Qc2 Bxd5 17. Nd4 Qc7 18. Nd2 e5 19. N4b3 Ne6 20. Bf3 Qc6 21. Bxd5 Nxd5 22. Nf3 Ndf4 23. Bxf4 Nxf4 24. Kh2 Bh6 25. Rfd1 Rfd8 26. Ne1 d5 27. g3 Ne6 28. Nd3 f6 29. Qe2 Qb5 30. Ndc1 Qb7 31. Nd3 Qc8 32. Nb4 Ng5 33. h4 Qh3+ 34. Kg1 Ne4 35. Nxd5 f5 36. Ne7+ Kh8 37. Nc6 Rxd1+ 38. Rxd1 Re8 39. Rd8 Rxd8 40. Nxd8 Bf4 41. gxf4 exf4 42. Nf7+ Kg7 43. Ng5 Nxg5 44. hxg5 Kf8 45. Nd4 Qh4 46. Qf3 Qxg5+ 47. Kf1 Qh4 48. Ne6+ Ke7 49. Nxf4 g5 50. Nd5+ Kd6 51. Ne3 f4 52. Nf5+ 1-0

[Event "Werther Schloss op-A 13rd"]
[Site "Werther"]
[Date "2007.03.31"]
[Round "4"]
[White "Tscheuschner, Tobias"]
[Black "Dargel, Manuel"]
[Result "1-0"]
[WhiteElo "2016"]
[BlackElo "2200"]
[PlyCount "53"]
[EventDate "2007.03.29"]
[EventType "swiss"]
[EventRounds "7"]
[EventCountry "GER"]
[SourceTitle "CBM 117 Extra"]
[Source "ChessBase"]
[SourceDate "2007.05.09"]
[SourceVersion "1"]
[SourceVersionDate "2007.05.09"]
[SourceQuality "1"]

1. e4 c5 2. Nc3 Nc6 3. d3 d6 4. Be3 Nf6 5. h3 e6 6. Nf3 Be7 7. d4 cxd4 8. Nxd4 a6 9. Qd2 Bd7 10. Bd3 Rc8 11. a4 Qc7 12. 0-0 Ne5 13. a5 Nc4 14. Bxc4 Qxc4 15. f4 0-0 16. e5 dxe5 17. fxe5 Nd5 18. Ne4 Rfd8 19. c3 Be8 20. Bg5 Qc7 21. Rae1 Kh8 22. Qd3 Rd7 23. Bf6 Bxf6 24. exf6 g6 25. Qd2 Nf4 26. Rxf4 e5 27. Rh4 1-0